书目信息 |
| 题名: |
供电企业安全风险评估标准及依据
|
|
| 作者: | 供电企业安全风险评估标准及依据编写组 编 | |
| 分册: | ||
| 出版信息: | 沈阳 白山出版社 2007.07 |
|
| 页数: | 226页 | |
| 开本: | 20cm | |
| 丛书名: | ||
| 单 册: | ||
| 中图分类: | TM72 | |
| 科图分类: | ||
| 主题词: | 输电技术 , 配电系统--技术 | |
| 电子资源: | ||
| ISBN: | 978-7-80687-489-9 | |
| 000 | 00795nam0 2200229 45 | |
| 001 | 0939048420 | |
| 005 | 20091028105205.10 | |
| 010 | @a978-7-80687-489-9@dCNY32.00 | |
| 100 | @a20090515d2007 ekmy0 y0120 ea | |
| 102 | @aCN@b130000 | |
| 102 | @aCN@b210000 | |
| 105 | @ay z 000yy | |
| 200 | 1 | @a供电企业安全风险评估标准及依据@f供电企业安全风险评估标准及依据编写组编@Fgong dian qi ye an quan feng xian ping gu biao zhun ji yi ju bian xie zu bian |
| 210 | @a沈阳@c白山出版社@d2007.07 | |
| 215 | @a226页@d20cm | |
| 606 | 0 | @a输电技术 |
| 606 | 0 | @a配电系统@x技术 |
| 690 | @aTM72@v4 | |
| 701 | 0 | @a供电企业安全风险评估标准及依据编写组@Agong dian qi ye an quan feng xian ping gu biao zhun ji yi ju bian xie zu@4编 |
| 801 | 0 | @aCN@c20091028 |
| 905 | @a10447@dTM72@eG369 | |
| 906 | @d32@n2@r1 | |
| 供电企业安全风险评估标准及依据/供电企业安全风险评估标准及依据编写组编.-沈阳:白山出版社,2007.07 |
| 226页;20cm |
| ISBN 978-7-80687-489-9:CNY32.00 |
| ● |
| 相关链接 |
|
|
|
正题名:供电企业安全风险评估标准及依据
索取号:TM72/G369
 
预约/预借
| 序号 | 登录号 | 条形码 | 馆藏地/架位号 | 状态 | 备注 |
| 1 | 891499 | 208914996 | 自科库301/301自科库 23排3列2层/ [索取号:TM72/G369] | 在馆 | |
| 2 | 891500 | 208915003 | 自科库301/301自科库 17排2列5层/ [索取号:TM72/G369] | 在馆 |